000 00611nam a2200193 a 4500
001 BRCA_595
005 20190320203058.0
008 200508s----2005sp-a---###---#000-0#spa-#
050 4 _aNK4061
_b.C47 2005
245 1 0 _aLa cerámica valenciana
_bapuntes para una síntesis.
260 _a[Valencia]
_bAsociación Valenciana de Cerámica
_c[2005]
300 _a192 p.
_bil. a color
_c30 cm.
500 _aEjemplar engargolado
500 _aPor política no se presta a domicilio
504 _aIncluye referencias bibliográficas
650 1 4 _aCerámica
_xHistoria
_zEspaña
_92051
902 _aeng
942 _2lcc
_cB
999 _c523
_d523